000 00500nam a2200217Ia 4500
008 170918s9999 xx 000 0 und d
020 _a9780545134743
050 _bW678 2009
100 _aWilhelm, Hans
245 _aI love school! /
245 _cHans Wilhelm.
260 _aNew York :
260 _bScholastic,
260 _c2009
300 _aunpaged :
300 _bcolored illustration ;
300 _c23cm.
440 _aBeginning reader level ;
440 _v1
500 _a20
999 _c342607
_d342607